000 00514nam a2200205Ia 4500
999 _c13329
_d13329
003 0100
005 20170510080950.0
008 130303s9999 xx 000 0 und d
040 _cARRUPELIB
050 _aDT432.G33 1972
100 _aGalbraith, John S.
_930644
245 _aMackinnon and East Africa 1878-1895
245 _ba study in the 'Imperialism'
260 _bAT The University Press
_aCambridge
_c1972
300 _aviii
300 _b 253p. 23cm.
600 _aMackinnon, William
_930645
650 _aAfrica, East
_xHistory
_930632
650 _aImperial British East Africa Company
_930646
942 0 0 _01
_2lcc
_cMONOGRAPH